| 000 | 00594nam a2200241Ia 4500 | ||
|---|---|---|---|
| 003 | OSt | ||
| 005 | 20140320152652.0 | ||
| 008 | 140130s9999 xx 000 0 und d | ||
| 020 | _a0516238566 | ||
| 050 |
_aPZ 7 _b.J63416Wai 2002 |
||
| 100 | _aJohnson, Mildred D. | ||
| 245 |
_cMildred D. Johnson. _aWait Skates! / |
||
| 260 |
_bScholastic Inc., _aUSA : _cc2002. |
||
| 300 |
_a31 p. : _bcol. ill. ; _c15 cm. |
||
| 521 | _aBR | ||
| 526 | _cBR | ||
| 650 |
_aRoller skating _xFiction. |
||
| 942 |
_cBK _2lcc |
||
| 999 |
_c42293 _d42293 |
||